Outsourcing ako strategická celopodniková iniciatíva

Outsourcing - definícia. Výhody a nevýhody outsourcingu. Úlohy outsourcingu. Realita a súčasné trendy v oblasti outsourcingu. Hlavné smery - BPO (Business Process Outsourcing) a jeho rozvinutá verzia Offshore Outsourcing. Nový jav - outsourcing informačného manažmentu.

Gespeichert in:
Bibliographische Detailangaben
1. Verfasser: Toropilová, Michaela, 1979-
Format: Buchkapitel
Sprache:Slowakisch
Schlagworte:
Tags: Tag hinzufügen
Keine Tags, Fügen Sie das erste Tag hinzu!

MARC

LEADER 00000naa$a2200000$$$4500
001 0015509
005 20221128113031.4
041 0 |a slo 
044 |a SK 
245 1 0 |a Outsourcing ako strategická celopodniková iniciatíva  |c aut. Michaela Toropilová 
520 |a Outsourcing - definícia. Výhody a nevýhody outsourcingu. Úlohy outsourcingu. Realita a súčasné trendy v oblasti outsourcingu. Hlavné smery - BPO (Business Process Outsourcing) a jeho rozvinutá verzia Offshore Outsourcing. Nový jav - outsourcing informačného manažmentu. 
610 2 0 |a outsourcing 
610 2 0 |a definície 
610 2 0 |a manažment informačný 
100 1 |a Toropilová, Michaela, 1979-